[Event "DVM U20 2019"]
[Site "Braunschweig GER"]
[Date "2019.12.27"]
[Round "1"]
[White "Elier, Ali"]
[Black "Martin, Richard"]
[Result "1/2-1/2"]
[Termination "normal"]
[Board "2.5"]
[WhiteElo "2032"]
[BlackElo "1930"]
[WhiteClock "00:47:29"]
[BlackClock "01:20:04"]
[WhiteTeam "SF Brackel"]
[BlackTeam "OSG Baden-Baden"]
[PlyCount "47"]
[WhiteFideId "16217543"]
[BlackFideId "12925691"]
[EventCountry "GER"]
[EventRounds "7"]
[EventType "team-swiss"]
[EventDate "2019.12.26"]

1. e4 {[%clk 1:30:47]} c5 {[%clk 1:30:54]} 2. d4 {[%clk 1:31:08]} cxd4 {[%clk
1:31:17]} 3. c3 {[%clk 1:31:25]} dxc3 {[%clk 1:31:25]} 4. Nxc3 {[%clk 1:31:49]}
Nc6 {[%clk 1:31:48]} 5. Nf3 {[%clk 1:32:16]} d6 {[%clk 1:32:06]} 6. Bc4 {[%clk
1:32:41]} a6 {[%clk 1:32:28]} 7. O-O {[%clk 1:33:06]} Nf6 {[%clk 1:32:54]} 8.
Bf4 {[%clk 1:32:05]} Bg4 {[%clk 1:33:14]} 9. h3 {[%clk 1:32:16]} Bxf3 {[%clk
1:33:35]} 10. Qxf3 {[%clk 1:32:42]} e6 {[%clk 1:33:54]} 11. Rfd1 {[%clk
1:32:36]} Qb8 {[%clk 1:34:13]} 12. Rac1 {[%clk 1:27:03]} Be7 {[%clk 1:34:09]}
13. Qg3 {[%clk 1:22:55]} Nh5 {[%clk 1:34:32]} 14. Bxd6 {[%clk 1:23:06]} Nxg3
{[%clk 1:34:58]} 15. Bxb8 {[%clk 1:23:28]} Rxb8 {[%clk 1:35:26]} 16. fxg3
{[%clk 1:23:51]} Bf6 {[%clk 1:35:12]} 17. Ne2 {[%clk 1:09:48]} O-O {[%clk
1:30:44]} 18. b3 {[%clk 1:05:07]} Ne5 {[%clk 1:28:34]} 19. Nf4 {[%clk 1:03:08]}
Rfd8 {[%clk 1:27:38]} 20. Be2 {[%clk 1:01:31]} Kf8 {[%clk 1:21:24]} 21. Kf1
{[%clk 0:59:21]} Rbc8 {[%clk 1:19:35]} 22. Rxd8+ {[%clk 0:48:15]} Rxd8 {[%clk
1:19:40]} 23. Rc7 {[%clk 0:47:26]} Rd7 {[%clk 1:20:04]} 24. Rxd7 {[%clk
0:47:29]} 1/2-1/2

[Event "DVM U20 2019"]
[Site "Braunschweig GER"]
[Date "2019.12.27"]
[Round "1"]
[White "Wendler, David"]
[Black "Goldbeck, Lars"]
[Result "1/2-1/2"]
[Termination "normal"]
[Board "3.1"]
[WhiteElo "2204"]
[BlackElo "2312"]
[WhiteClock "00:12:40"]
[BlackClock "00:24:27"]
[WhiteTeam "SK Bebenhausen 1992"]
[BlackTeam "SC Bavaria Regensburg"]
[PlyCount "48"]
[WhiteFideId "12938360"]
[BlackFideId "16208188"]
[EventCountry "GER"]
[EventRounds "7"]
[EventType "team-swiss"]
[EventDate "2019.12.26"]

1. e4 {[%clk 1:30:52]} c5 {[%clk 1:30:58]} 2. c3 {[%clk 1:31:04]} e6 {[%clk
1:31:18]} 3. d4 {[%clk 1:30:03]} d5 {[%clk 1:31:46]} 4. exd5 {[%clk 1:29:38]}
exd5 {[%clk 1:32:14]} 5. Be3 {[%clk 1:28:29]} cxd4 {[%clk 1:32:38]} 6. Bxd4
{[%clk 1:28:22]} Nc6 {[%clk 1:32:21]} 7. Nf3 {[%clk 1:26:37]} Nf6 {[%clk
1:20:40]} 8. Bxf6 {[%clk 1:09:48]} Qxf6 {[%clk 1:21:04]} 9. Qxd5 {[%clk
1:05:27]} Bd6 {[%clk 1:12:16]} 10. Be2 {[%clk 0:47:07]} Bf5 {[%clk 1:02:52]}
11. Nd4 {[%clk 0:32:51]} Nxd4 {[%clk 1:03:17]} 12. Qxd4 {[%clk 0:32:16]} Qe7
{[%clk 0:50:45]} 13. O-O {[%clk 0:30:59]} O-O-O {[%clk 0:51:04]} 14. Qc4+
{[%clk 0:28:08]} Kb8 {[%clk 0:51:27]} 15. Re1 {[%clk 0:20:11]} Rhe8 {[%clk
0:45:18]} 16. Nd2 {[%clk 0:18:52]} Bxh2+ {[%clk 0:45:08]} 17. Kxh2 {[%clk
0:19:18]} Rxd2 {[%clk 0:45:33]} 18. Bf3 {[%clk 0:16:09]} Qd6+ {[%clk 0:45:42]}
19. Kg1 {[%clk 0:16:30]} Rxe1+ {[%clk 0:40:15]} 20. Rxe1 {[%clk 0:16:57]} Be6
{[%clk 0:38:30]} 21. Qb5 {[%clk 0:14:21]} Qb6 {[%clk 0:32:00]} 22. Qe8+ {[%clk
0:14:23]} Qd8 {[%clk 0:27:52]} 23. Qb5 {[%clk 0:13:37]} Qb6 {[%clk 0:24:19]}
24. Qe8+ {[%clk 0:12:40]} Qd8 {[%clk 0:24:27]} 1/2-1/2

[Event "DVM U20 2019"]
[Site "Braunschweig GER"]
[Date "2019.12.27"]
[Round "1"]
[White "Schneider, Jana"]
[Black "Waffenschmidt, Lars"]
[Result "1-0"]
[Termination "normal"]
[Board "3.2"]
[WhiteTitle "FM"]
[WhiteElo "2210"]
[BlackElo "1885"]
[WhiteClock "00:51:53"]
[BlackClock "00:00:36"]
[WhiteTeam "SC Bavaria Regensburg"]
[BlackTeam "SK Bebenhausen 1992"]
[PlyCount "53"]
[WhiteFideId "12924997"]
[BlackFideId "16244656"]
[EventCountry "GER"]
[EventRounds "7"]
[EventType "team-swiss"]
[EventDate "2019.12.26"]

1. e4 {[%clk 1:30:57]} e5 {[%clk 1:30:49]} 2. Nf3 {[%clk 1:31:21]} Nc6 {[%clk
1:31:09]} 3. Bc4 {[%clk 1:30:25]} Bc5 {[%clk 1:30:41]} 4. c3 {[%clk 1:30:47]}
Nf6 {[%clk 1:30:34]} 5. d3 {[%clk 1:31:10]} O-O {[%clk 1:29:08]} 6. Bg5 {[%clk
1:28:39]} h6 {[%clk 1:24:59]} 7. Bh4 {[%clk 1:28:39]} Re8 {[%clk 1:14:23]} 8.
Bb3 {[%clk 1:27:47]} a6 {[%clk 1:00:30]} 9. Nbd2 {[%clk 1:26:34]} d6 {[%clk
0:52:57]} 10. Nf1 {[%clk 1:18:00]} g5 {[%clk 0:40:02]} 11. Bg3 {[%clk 1:06:52]}
Bg4 {[%clk 0:33:45]} 12. h4 {[%clk 1:03:20]} Nh5 {[%clk 0:29:01]} 13. N1h2
{[%clk 0:58:48]} Nxg3 {[%clk 0:26:19]} 14. Nxg4 {[%clk 0:57:42]} Nxh1 {[%clk
0:25:10]} 15. Nxh6+ {[%clk 0:57:59]} Kf8 {[%clk 0:23:42]} 16. Nxg5 {[%clk
0:57:44]} Bxf2+ {[%clk 0:21:52]} 17. Kd2 {[%clk 0:51:35]} Bxh4 {[%clk 0:19:09]}
18. Nh7+ {[%clk 0:51:57]} Kg7 {[%clk 0:11:00]} 19. Nf5+ {[%clk 0:50:31]} Kg6
{[%clk 0:10:12]} 20. Bxf7+ {[%clk 0:49:47]} Kxf7 {[%clk 0:09:23]} 21. Qh5+
{[%clk 0:50:11]} Ke6 {[%clk 0:04:43]} 22. Ng7+ {[%clk 0:50:36]} Ke7 {[%clk
0:02:41]} 23. Qxh4+ {[%clk 0:50:52]} Kf7 {[%clk 0:02:11]} 24. Rf1+ {[%clk
0:50:43]} Kxg7 {[%clk 0:01:55]} 25. Qg4+ {[%clk 0:51:07]} Kh8 {[%clk 0:01:09]}
26. Rxh1 {[%clk 0:51:31]} Rg8 {[%clk 0:00:36]} 27. Nf6# {[%clk 0:51:53]} 1-0

[Event "DVM U20 2019"]
[Site "Braunschweig GER"]
[Date "2019.12.27"]
[Round "1"]
[White "Freiherr von Hauff, Christopher"]
[Black "Oberhofer, Cédric"]
[Result "0-1"]
[Termination "normal"]
[Board "3.3"]
[WhiteElo "1868"]
[BlackElo "2260"]
[WhiteClock "00:02:50"]
[BlackClock "00:14:34"]
[WhiteTeam "SK Bebenhausen 1992"]
[BlackTeam "SC Bavaria Regensburg"]
[PlyCount "88"]
[WhiteFideId "16200691"]
[BlackFideId "12941220"]
[EventCountry "GER"]
[EventRounds "7"]
[EventType "team-swiss"]
[EventDate "2019.12.26"]

1. e4 {[%clk 1:30:57]} c5 {[%clk 1:30:45]} 2. c3 {[%clk 1:31:14]} g6 {[%clk
1:31:01]} 3. d4 {[%clk 1:31:25]} cxd4 {[%clk 1:31:26]} 4. cxd4 {[%clk 1:31:51]}
d5 {[%clk 1:31:49]} 5. exd5 {[%clk 1:31:41]} Nf6 {[%clk 1:31:54]} 6. Nc3 {[%clk
1:31:29]} Nxd5 {[%clk 1:30:45]} 7. Qb3 {[%clk 1:31:11]} Nb6 {[%clk 1:27:32]} 8.
Be3 {[%clk 1:29:01]} Bg7 {[%clk 1:27:22]} 9. Rd1 {[%clk 1:25:37]} O-O {[%clk
1:26:46]} 10. Nf3 {[%clk 1:18:19]} Nc6 {[%clk 1:13:34]} 11. d5 {[%clk 1:11:41]}
Ne5 {[%clk 1:12:54]} 12. Be2 {[%clk 1:04:47]} Bd7 {[%clk 1:08:56]} 13. O-O
{[%clk 0:58:55]} Rc8 {[%clk 1:03:25]} 14. Bd4 {[%clk 0:48:46]} Qc7 {[%clk
0:55:07]} 15. Rfe1 {[%clk 0:39:00]} Nxf3+ {[%clk 0:50:02]} 16. Bxf3 {[%clk
0:39:23]} Rfe8 {[%clk 0:50:16]} 17. Bxg7 {[%clk 0:38:14]} Kxg7 {[%clk 0:50:38]}
18. a4 {[%clk 0:26:50]} Nc4 {[%clk 0:44:55]} 19. h3 {[%clk 0:21:39]} Qb6 {[%clk
0:37:04]} 20. Qxb6 {[%clk 0:20:15]} axb6 {[%clk 0:35:46]} 21. b3 {[%clk
0:14:17]} Na5 {[%clk 0:30:05]} 22. Nb5 {[%clk 0:14:01]} Bxb5 {[%clk 0:20:29]}
23. axb5 {[%clk 0:14:24]} Nxb3 {[%clk 0:20:34]} 24. d6 {[%clk 0:14:04]} exd6
{[%clk 0:20:54]} 25. Rxe8 {[%clk 0:14:03]} Rxe8 {[%clk 0:21:06]} 26. Rxd6
{[%clk 0:14:15]} Re6 {[%clk 0:21:18]} 27. Rxe6 {[%clk 0:13:28]} fxe6 {[%clk
0:21:43]} 28. Bxb7 {[%clk 0:13:47]} Nd4 {[%clk 0:21:57]} 29. Ba6 {[%clk
0:13:18]} Kf6 {[%clk 0:21:05]} 30. f3 {[%clk 0:12:49]} Ke5 {[%clk 0:17:17]} 31.
Kf2 {[%clk 0:13:03]} Nc2 {[%clk 0:15:12]} 32. g3 {[%clk 0:07:00]} Kd5 {[%clk
0:13:44]} 33. f4 {[%clk 0:05:13]} Nd4 {[%clk 0:12:17]} 34. Ke3 {[%clk 0:04:50]}
Nf5+ {[%clk 0:12:35]} 35. Kf3 {[%clk 0:04:08]} Nd6 {[%clk 0:12:48]} 36. g4
{[%clk 0:03:18]} Kd4 {[%clk 0:12:50]} 37. h4 {[%clk 0:02:56]} h5 {[%clk
0:12:16]} 38. gxh5 {[%clk 0:02:43]} gxh5 {[%clk 0:12:41]} 39. f5 {[%clk
0:02:21]} exf5 {[%clk 0:12:45]} 40. Kf4 {[%clk 0:02:44]} Kd5 {[%clk 0:13:09]}
41. Kg5 {[%clk 0:02:52]} Ke5 {[%clk 0:13:24]} 42. Kxh5 {[%clk 0:03:15]} Kf6
{[%clk 0:13:47]} 43. Kh6 {[%clk 0:03:00]} f4 {[%clk 0:14:10]} 44. h5 {[%clk
0:02:50]} f3 {[%clk 0:14:34]} 0-1

[Event "DVM U20 2019"]
[Site "Braunschweig GER"]
[Date "2019.12.27"]
[Round "1"]
[White "Dechant, Georg"]
[Black "Grimm, Ling Leander"]
[Result "1-0"]
[Termination "normal"]
[Board "3.4"]
[WhiteElo "2065"]
[BlackElo "1777"]
[WhiteClock "00:28:00"]
[BlackClock "00:23:49"]
[WhiteTeam "SC Bavaria Regensburg"]
[BlackTeam "SK Bebenhausen 1992"]
[PlyCount "87"]
[WhiteFideId "12956716"]
[BlackFideId "12968277"]
[EventCountry "GER"]
[EventRounds "7"]
[EventType "team-swiss"]
[EventDate "2019.12.26"]

1. e4 {[%clk 1:30:56]} c5 {[%clk 1:30:46]} 2. Nf3 {[%clk 1:31:19]} Nc6 {[%clk
1:30:59]} 3. d4 {[%clk 1:31:45]} cxd4 {[%clk 1:31:18]} 4. Nxd4 {[%clk 1:32:09]}
g6 {[%clk 1:31:31]} 5. Nc3 {[%clk 1:32:35]} Bg7 {[%clk 1:31:50]} 6. Be3 {[%clk
1:33:01]} Nf6 {[%clk 1:32:00]} 7. Nxc6 {[%clk 1:33:27]} bxc6 {[%clk 1:32:16]}
8. e5 {[%clk 1:33:53]} Ng8 {[%clk 1:32:29]} 9. f4 {[%clk 1:34:18]} Nh6 {[%clk
1:32:25]} 10. Qf3 {[%clk 1:26:36]} O-O {[%clk 1:22:47]} 11. O-O-O {[%clk
1:24:18]} Qa5 {[%clk 1:06:27]} 12. a3 {[%clk 1:10:36]} Rb8 {[%clk 0:59:41]} 13.
Rd4 {[%clk 1:10:21]} Qb6 {[%clk 0:45:15]} 14. Rb4 {[%clk 1:07:12]} Qc7 {[%clk
0:45:28]} 15. Rxb8 {[%clk 1:02:32]} Qxb8 {[%clk 0:45:32]} 16. h3 {[%clk
1:00:11]} Nf5 {[%clk 0:37:38]} 17. Bf2 {[%clk 1:00:17]} d6 {[%clk 0:37:15]} 18.
g4 {[%clk 1:00:24]} Nh6 {[%clk 0:34:23]} 19. exd6 {[%clk 0:58:14]} Qxd6 {[%clk
0:32:14]} 20. Bc4 {[%clk 0:57:18]} Qc7 {[%clk 0:21:33]} 21. Re1 {[%clk
0:54:00]} Rd8 {[%clk 0:16:51]} 22. Bc5 {[%clk 0:48:51]} Rd7 {[%clk 0:15:18]}
23. Qe3 {[%clk 0:41:16]} e6 {[%clk 0:07:38]} 24. f5 {[%clk 0:40:32]} gxf5
{[%clk 0:07:13]} 25. g5 {[%clk 0:27:50]} f4 {[%clk 0:06:51]} 26. Qf3 {[%clk
0:28:09]} Nf5 {[%clk 0:06:31]} 27. Ne4 {[%clk 0:28:11]} Qd8 {[%clk 0:03:42]}
28. Qxf4 {[%clk 0:27:31]} a5 {[%clk 0:02:29]} 29. Qg4 {[%clk 0:25:53]} Kh8
{[%clk 0:02:24]} 30. Qh5 {[%clk 0:23:28]} Rb7 {[%clk 0:01:40]} 31. c3 {[%clk
0:23:50]} Rd7 {[%clk 0:01:38]} 32. Rg1 {[%clk 0:23:02]} Qc7 {[%clk 0:01:30]}
33. Qg4 {[%clk 0:19:14]} Qe5 {[%clk 0:01:21]} 34. h4 {[%clk 0:19:09]} Ne7
{[%clk 0:01:00]} 35. Rf1 {[%clk 0:18:40]} Nf5 {[%clk 0:00:54]} 36. Bg1 {[%clk
0:14:17]} Qc7 {[%clk 0:00:37]} 37. Nf6 {[%clk 0:12:00]} Rd8 {[%clk 0:00:34]}
38. Ne4 {[%clk 0:06:05]} Qe7 {[%clk 0:00:33]} 39. Bb6 {[%clk 0:05:14]} Rg8
{[%clk 0:00:49]} 40. Qh5 {[%clk 0:01:20]} a4 {[%clk 0:01:01]} 41. Bd3 {[%clk
0:00:43]} Qd7 {[%clk 0:26:09]} 42. Bc2 {[%clk 0:30:52]} Ba6 {[%clk 0:25:52]}
43. Rd1 {[%clk 0:27:35]} Qe7 {[%clk 0:23:49]} 44. Bc5 {[%clk 0:28:00]} *

[Event "DVM U20 2019"]
[Site "Braunschweig GER"]
[Date "2019.12.27"]
[Round "1"]
[White "Ortner, Jonas Ruben"]
[Black "Ließ, Alexander"]
[Result "0-1"]
[Termination "normal"]
[Board "3.5"]
[WhiteElo "1718"]
[BlackElo "1852"]
[WhiteClock "00:18:12"]
[BlackClock "00:30:50"]
[WhiteTeam "SK Bebenhausen 1992"]
[BlackTeam "SC Bavaria Regensburg"]
[PlyCount "84"]
[WhiteFideId "16235118"]
[BlackFideId "16221338"]
[EventCountry "GER"]
[EventRounds "7"]
[EventType "team-swiss"]
[EventDate "2019.12.26"]

1. Nf3 c5 {[%clk 1:30:50]} 2. e4 d6 3. d4 {[%clk 1:27:51]} cxd4 {[%clk
1:31:21]} 4. Nxd4 {[%clk 1:28:16]} Nf6 {[%clk 1:31:39]} 5. Nc3 {[%clk 1:28:37]}
a6 {[%clk 1:32:01]} 6. Bc4 {[%clk 1:28:01]} e6 {[%clk 1:31:46]} 7. Bb3 {[%clk
1:28:20]} Nbd7 {[%clk 1:28:22]} 8. O-O {[%clk 1:03:54]} Nc5 {[%clk 1:27:05]} 9.
f3 {[%clk 0:58:44]} Be7 {[%clk 1:18:23]} 10. Qe2 {[%clk 0:58:06]} O-O {[%clk
1:15:05]} 11. Be3 Qc7 {[%clk 1:11:12]} 12. Rad1 {[%clk 0:51:58]} b5 {[%clk
1:00:43]} 13. a3 {[%clk 0:50:08]} Bb7 {[%clk 0:52:49]} 14. Rd2 {[%clk 0:41:08]}
Nxb3 {[%clk 0:39:19]} 15. cxb3 {[%clk 0:34:19]} d5 {[%clk 0:34:21]} 16. Bf2
{[%clk 0:31:32]} Bd6 {[%clk 0:24:10]} 17. h3 {[%clk 0:26:03]} dxe4 {[%clk
0:20:13]} 18. fxe4 {[%clk 0:26:26]} Rfd8 {[%clk 0:17:56]} 19. Nf3 Bf4 {[%clk
0:15:55]} 20. Rc2 {[%clk 0:23:28]} Rac8 {[%clk 0:14:58]} 21. Nd4 {[%clk
0:17:01]} Qe5 {[%clk 0:12:13]} 22. Nf3 {[%clk 0:14:41]} Qh5 {[%clk 0:10:58]}
23. b4 {[%clk 0:11:45]} h6 {[%clk 0:08:10]} 24. g3 {[%clk 0:06:49]} Bb8 {[%clk
0:06:01]} 25. Kg2 {[%clk 0:05:58]} Nd7 {[%clk 0:05:23]} 26. g4 {[%clk 0:04:45]}
Qg6 {[%clk 0:05:41]} 27. Kh1 {[%clk 0:02:50]} Ne5 {[%clk 0:05:34]} 28. Nh4 Qg5
{[%clk 0:04:47]} 29. Bg3 {[%clk 0:02:32]} Nc4 {[%clk 0:04:19]} 30. Bxb8 {[%clk
0:02:05]} Rxb8 {[%clk 0:04:44]} 31. Ng2 {[%clk 0:01:30]} Rd7 {[%clk 0:04:41]}
32. Qf2 {[%clk 0:01:34]} Rbd8 {[%clk 0:04:51]} 33. b3 {[%clk 0:01:28]} Ne5
{[%clk 0:05:07]} 34. Nf4 {[%clk 0:00:43]} Qe7 {[%clk 0:05:01]} 35. Qc5 {[%clk
0:00:44]} Rc8 {[%clk 0:04:24]} 36. Qe3 {[%clk 0:00:43]} Rdc7 {[%clk 0:04:00]}
37. Rfc1 {[%clk 0:00:42]} Qg5 {[%clk 0:03:40]} 38. Qg3 {[%clk 0:00:38]} Ng6
{[%clk 0:02:41]} 39. Nxg6 {[%clk 0:00:39]} Qxg6 {[%clk 0:03:06]} 40. Qe5 {[%clk
0:00:35]} Bxe4+ {[%clk 0:01:46]} 41. Nxe4 {[%clk 0:18:52]} Rxc2 {[%clk
0:32:01]} 42. Re1 {[%clk 0:18:12]} Rc1 {[%clk 0:30:50]} *

[Event "DVM U20 2019"]
[Site "Braunschweig GER"]
[Date "2019.12.27"]
[Round "1"]
[White "Brüll, Elias"]
[Black "Rösler, Hannah Clara Hed"]
[Result "0-1"]
[Termination "normal"]
[Board "3.6"]
[WhiteElo "1797"]
[BlackElo "1695"]
[WhiteClock "00:01:05"]
[BlackClock "00:17:49"]
[WhiteTeam "SC Bavaria Regensburg"]
[BlackTeam "SK Bebenhausen 1992"]
[PlyCount "71"]
[WhiteFideId "12964921"]
[BlackFideId "12983500"]
[EventCountry "GER"]
[EventRounds "7"]
[EventType "team-swiss"]
[EventDate "2019.12.26"]

1. e4 {[%clk 1:30:57]} c5 {[%clk 1:30:44]} 2. Nf3 {[%clk 1:31:22]} g6 {[%clk
1:30:58]} 3. d4 {[%clk 1:31:44]} cxd4 {[%clk 1:31:11]} 4. Nxd4 {[%clk 1:32:07]}
Nc6 {[%clk 1:31:20]} 5. Nc3 {[%clk 1:32:06]} Bg7 {[%clk 1:31:28]} 6. Be3 {[%clk
1:32:19]} Nf6 {[%clk 1:31:26]} 7. Nxc6 {[%clk 1:32:38]} bxc6 {[%clk 1:31:25]}
8. e5 {[%clk 1:32:58]} Ng8 {[%clk 1:31:10]} 9. f4 {[%clk 1:33:14]} Nh6 {[%clk
1:30:42]} 10. Qd2 {[%clk 1:28:51]} O-O {[%clk 1:25:11]} 11. O-O-O {[%clk
1:26:51]} d6 {[%clk 1:21:15]} 12. Bc4 {[%clk 0:40:36]} Bg4 {[%clk 1:10:11]} 13.
Rde1 {[%clk 0:36:02]} dxe5 {[%clk 1:02:22]} 14. fxe5 {[%clk 0:34:10]} Nf5
{[%clk 0:56:06]} 15. Qxd8 {[%clk 0:31:00]} Rfxd8 {[%clk 0:55:34]} 16. Bf2
{[%clk 0:29:26]} Nd4 {[%clk 0:46:27]} 17. Re4 {[%clk 0:17:06]} Be6 {[%clk
0:46:31]} 18. Bxe6 {[%clk 0:16:19]} Nxe6 {[%clk 0:45:54]} 19. Rc4 {[%clk
0:14:05]} Bxe5 {[%clk 0:42:11]} 20. Rxc6 {[%clk 0:14:07]} Bf4+ {[%clk 0:40:18]}
21. Kb1 {[%clk 0:14:28]} Rd2 {[%clk 0:34:30]} 22. Ne4 {[%clk 0:10:44]} Re2
{[%clk 0:33:02]} 23. Re1 {[%clk 0:10:08]} Rd8 {[%clk 0:30:54]} 24. Rf1 {[%clk
0:03:14]} Rxe4 {[%clk 0:30:02]} 25. Bxa7 {[%clk 0:03:28]} Rd2 {[%clk 0:26:05]}
26. g3 {[%clk 0:02:26]} Be5 {[%clk 0:26:04]} 27. b3 {[%clk 0:02:22]} Rde2
{[%clk 0:23:19]} 28. Kc1 {[%clk 0:02:16]} Rxh2 {[%clk 0:21:25]} 29. a4 {[%clk
0:02:33]} Nd4 {[%clk 0:19:01]} 30. Rc8+ {[%clk 0:01:56]} Kg7 {[%clk 0:19:23]}
31. a5 {[%clk 0:02:04]} Ne2+ {[%clk 0:18:33]} 32. Kb1 {[%clk 0:01:16]} Nc3+
{[%clk 0:17:51]} 33. Kc1 {[%clk 0:01:13]} Ree2 {[%clk 0:17:33]} 34. Rxc3 {[%clk
0:00:38]} Bxc3 {[%clk 0:17:54]} 35. a6 {[%clk 0:01:05]} Rxc2+ {[%clk 0:17:49]}
36. Rh1 0-1

[Event "DVM U20 2019"]
[Site "Braunschweig GER"]
[Date "2019.12.27"]
[Round "1"]
[White "Engel, Luis"]
[Black "Melde, Benjamin"]
[Result "1-0"]
[Termination "normal"]
[Board "4.1"]
[WhiteTitle "IM"]
[WhiteElo "2531"]
[BlackElo "2120"]
[WhiteClock "00:39:18"]
[BlackClock "00:07:54"]
[WhiteTeam "Hamburger SK"]
[BlackTeam "Schachklub Turm Kleve 1974 e. V."]
[PlyCount "71"]
[WhiteFideId "12961523"]
[BlackFideId "12958816"]
[EventCountry "GER"]
[EventRounds "7"]
[EventType "team-swiss"]
[EventDate "2019.12.26"]

1. e4 c5 2. Nf3 d6 3. d4 Nf6 4. Nc3 cxd4 5. Nxd4 a6 6. Bg5 e5 7. Nb3 Be6 8. Be3
h5 9. Nd5 Bxd5 {[%clk 1:32:15]} 10. exd5 {[%clk 1:34:34]} Nbd7 {[%clk 1:30:22]}
11. Qd2 {[%clk 1:34:57]} g6 12. Be2 {[%clk 1:33:05]} Bg7 {[%clk 1:31:10]} 13.
O-O {[%clk 1:33:28]} O-O {[%clk 1:31:21]} 14. Na5 {[%clk 1:33:50]} Qc7 {[%clk
1:29:28]} 15. c4 {[%clk 1:33:04]} e4 {[%clk 0:49:54]} 16. f4 {[%clk 1:33:04]}
Ng4 {[%clk 0:50:23]} 17. Bxg4 {[%clk 1:33:25]} hxg4 18. Rab1 {[%clk 1:22:34]}
Nc5 {[%clk 0:36:51]} 19. f5 Be5 {[%clk 0:28:21]} 20. b4 {[%clk 1:10:28]} Nd3
{[%clk 0:28:45]} 21. Bh6 {[%clk 1:01:33]} Qb6+ {[%clk 0:17:03]} 22. Kh1 {[%clk
0:57:19]} Qd4 {[%clk 0:17:28]} 23. Nb3 {[%clk 0:50:21]} Qxc4 {[%clk 0:12:39]}
24. Bxf8 {[%clk 0:49:21]} Rxf8 {[%clk 0:13:07]} 25. fxg6 {[%clk 0:48:51]} fxg6
{[%clk 0:13:35]} 26. Rxf8+ {[%clk 0:48:41]} Kxf8 {[%clk 0:14:03]} 27. Qh6+
{[%clk 0:47:40]} Bg7 {[%clk 0:14:32]} 28. Rf1+ Kg8 {[%clk 0:15:19]} 29. Qxg6
{[%clk 0:45:29]} Qxd5 {[%clk 0:14:18]} 30. Qxg4 {[%clk 0:41:07]} Nxb4 {[%clk
0:14:19]} 31. Rf5 {[%clk 0:40:46]} Qd3 32. h4 {[%clk 0:39:47]} Nd5 {[%clk
0:11:36]} 33. Qg6 Qe3 {[%clk 0:07:01]} 34. Qf7+ {[%clk 0:38:48]} Kh8 {[%clk
0:07:30]} 35. Rh5+ {[%clk 0:39:08]} Bh6 {[%clk 0:07:54]} 36. Qg6 {[%clk
0:39:18]} 1-0

[Event "DVM U20 2019"]
[Site "Braunschweig GER"]
[Date "2019.12.27"]
[Round "1"]
[White "Wiegersma, Justus"]
[Black "Holinka, Henning"]
[Result "1/2-1/2"]
[Termination "normal"]
[Board "4.2"]
[WhiteElo "1975"]
[BlackElo "2233"]
[WhiteClock "00:18:31"]
[BlackClock "00:30:01"]
[WhiteTeam "Schachklub Turm Kleve 1974 e. V."]
[BlackTeam "Hamburger SK"]
[PlyCount "83"]
[WhiteFideId "16207866"]
[BlackFideId "12967084"]
[EventCountry "GER"]
[EventRounds "7"]
[EventType "team-swiss"]
[EventDate "2019.12.26"]

1. c4 g6 2. Nc3 Bg7 3. Nf3 d6 4. g3 Nc6 5. d4 Bg4 6. d5 Ne5 7. Nxe5 dxe5 8. Bg2
Nh6 9. h3 Bd7 10. e4 f5 11. Bxh6 Bxh6 12. exf5 Bxf5 13. O-O O-O 14. Re1 Bg7 15.
Qe2 Qc8 16. Kh2 Bd7 17. Rad1 Rf5 18. Ne4 Rh5 19. h4 Qf8 20. Nc5 Bc8 21. Bh3 Bf6
22. Bxc8 Rxc8 {[%clk 0:11:59]} 23. Kg2 {[%clk 0:13:47]} b6 {[%clk 0:06:31]} 24.
Ne4 {[%clk 0:14:01]} Rf5 {[%clk 0:03:23]} 25. Rh1 {[%clk 0:13:37]} Qf7 {[%clk
0:03:32]} 26. b3 {[%clk 0:12:17]} Rf8 {[%clk 0:03:30]} 27. a4 {[%clk 0:09:20]}
h6 {[%clk 0:03:10]} 28. Rd2 {[%clk 0:08:47]} Bg7 {[%clk 0:03:16]} 29. Rd3
{[%clk 0:07:54]} Qe8 {[%clk 0:02:31]} 30. Rf1 {[%clk 0:06:42]} R8f7 {[%clk
0:01:22]} 31. Qc2 {[%clk 0:03:44]} Qf8 {[%clk 0:01:35]} 32. Qe2 {[%clk
0:03:04]} Bf6 {[%clk 0:01:31]} 33. Qg4 {[%clk 0:02:41]} Rg7 {[%clk 0:01:29]}
34. Rh1 {[%clk 0:02:24]} Kh7 {[%clk 0:00:47]} 35. Qe2 {[%clk 0:01:28]} Rg8
{[%clk 0:00:51]} 36. h5 {[%clk 0:00:51]} gxh5 {[%clk 0:00:42]} 37. Rxh5 {[%clk
0:01:12]} Bg5 {[%clk 0:00:38]} 38. Rd1 {[%clk 0:01:12]} Bf4 {[%clk 0:00:35]}
39. Rxf5 {[%clk 0:01:16]} Qxf5 {[%clk 0:00:58]} 40. Rh1 {[%clk 0:01:27]} Rg4
{[%clk 0:00:39]} 41. f3 {[%clk 0:18:51]} Rg6 {[%clk 0:30:01]} 42. Kf2 {[%clk
0:18:31]} *